Statistiken für Alle iPhones 2007-2023

Klicken Sie hier um das Quiz zu spielen!

Allgemein

  • Dieses Quiz wurde 120 mal gespielt
    (48 seit der letzten Aktualisierung)
  • Das Durchschnittsergebnis liegt bei 24 aus 42

Antwortstatistiken

JahrModell% Korrekt
2007iPhone
100%
2010iPhone 4
92%
2012iPhone 5
92%
2014iPhone 6
92%
2019iPhone 11
89%
2016iPhone 7
89%
2017iPhone 8
89%
2020iPhone 12
86%
2021iPhone 13
84%
2022iPhone 14
84%
2023iPhone 15
84%
2017iPhone X
84%
2020iPhone 12 Pro
78%
2021iPhone 13 Pro
73%
2023iPhone 15 Pro
73%
2019iPhone 11 Pro
70%
2022iPhone 14 Pro
70%
2019iPhone 11 Pro Max
65%
2020iPhone 12 Pro Max
65%
2020iPhone 12 Mini
62%
2022iPhone 14 Pro Max
62%
2016iPhone SE
62%
2021iPhone 13 Mini
59%
2021iPhone 13 Pro Max
59%
2023iPhone 15 Pro Max
59%
2015iPhone 6s
59%
2018iPhone XS
59%
2010iPhone 4s
46%
2013iPhone 5s
43%
2008iPhone 3G
41%
2017iPhone 8 Plus
35%
2014iPhone 6 Plus
32%
2016iPhone 7 Plus
32%
2018iPhone XR
32%
2022iPhone 14 Plus
30%
2023iPhone 15 Plus
30%
2018iPhone XS Max
22%
2009iPhone 3Gs
19%
2013iPhone 5c
16%
2015iPhone 6s Plus
14%
2020iPhone SE 2. Generation
3%
2022iPhone SE 3. Generation
3%

Verteilung der Resultate

Perzentil nach korrekt beantworteten Fragen

Anzahl Personen mit jedem Resultat

Ihre Resultats-Entwicklung

Sie haben dieses Quiz seit der letzten Aktualisierung nicht gespielt